000 01473pam a2200241 4500
001 7438
003 OCoLC
005 20181127183634.0
008 040316s2005 njua b 001 0 eng
020 _a0130989746
050 0 0 _aTX335
_b
082 0 0 _a339.4
_2
100 1 _aGoldsmith, Elizabeth B
245 1 0 _aConsumer economics :
_bissues and behaviors /
_cElizabeth B. Goldsmith
250 _a1st ed
260 _aUpper Saddle River, N.J. :
_bPearson Prentice Hall,
_cc2005
300 _axvii, 461 p. :
_bill. ;
_c27 cm
504 _aIncludes bibliographical references and index
505 _aCh.1 Consumers in a Changing World -- Ch.2 The Consumer Movement -- Ch.3 Consumer Theories and Developing a Model -- Ch.4 Consumer Responsibilities, Redress and Law -- Ch.5 Government Protection, Nongovernmental Proconsumer Groups and Media -- ch.6 Buying Process, Brands and Product Development -- Ch.7 Decision Making and the Influence of Advertising -- Ch.8 Food and Beverage Issues -- Ch.9 Health and Body Issues -- Ch.10 Ownership, Safety and Repairs -- Ch.11 Being a Better Consumer of Housing and Vehicles -- Ch.12 Saving, Banking, Debt and Credit Issues -- Ch.13 Insurance and Investment Issues -- Ch.14 Identify Theft, Privacy Protection, Emerging Consumer Issues, At-Risk Consumers, and Developing a Global Perspective.
_g
_r
_t
650 0 _aConsumer education
650 0 _aConsumption (Economics)
999 _c6357
_d6357